00333nam a2200109Ia 4500008004100000082002000041100002000061245001800081260003000099630001800129650007600147211109s9999||||xx |||||||||||||| ||und|| a894.8121bSUG-R aSugathakumari,  0aRaadha Evite? bD c BooksaKottayamc1995 xGeneral stack aMalayalam lietaraturevMalayalam poetryxLiterature & rhetoricMalayalam